Evaluación psicopedagógica de 0 a 6 años: observar, analizar e interpretar el comportamiento infantil

Spremljeno u:
Bibliografski detalji
Glavni autori: Barros de Oliveira, Vera (Autor), Bossa, Nadia A (Autor)
Format: Knjiga
Jezik:španjolski
Izdano: Madrid Narcea 2001
Serija:Primeros Años
Teme:
Oznake: Dodaj oznaku
Bez oznaka, Budi prvi tko označuje ovaj zapis!

MARC

LEADER 00000nam a2200000 a 4500
001 UCI8522
003 CL-VaPUC
008 080911e20010000SP |||||||||||||||||spa|d
020 |a 8427713460 
082 0 4 |a 370.15  |b BAR  |2 21 
100 0 |a Barros de Oliveira, Vera  |e author  |9 531992 
700 0 |a Bossa, Nadia A  |e author  |9 531993 
245 1 0 |a Evaluación psicopedagógica de 0 a 6 años: observar, analizar e interpretar el comportamiento infantil 
300 |a 173 p 
942 |c BK 
945 |d 20080911 00:00:00  |a rbrito 
260 |a Madrid  |b Narcea  |c 2001 
650 0 |a Psicología del aprendizaje  |9 306854 
650 7 |a PSICOANALISIS INFANTIL  |2 CL-VaPUC  |9 531994 
650 0 |a Neuropsicología  |9 270837 
650 7 |a TRASTORNOS DEL HABLA  |2 CL-VaPUC  |9 309440 
650 7 |a EVALUACION PSICOLOGICA  |2 CL-VaPUC  |9 375317 
583 |a last modification  |c 20080911 00:00:00  |k Rodrigo Vera 
490 0 |a Primeros Años 
999 |c 331363  |d 331361 
952 |0 0  |1 0  |4 0  |6 370_150000000000000_BAR_2001  |7 0  |8 A  |9 417908  |a BIBEDU  |b BIBEDU  |d 2019-11-22  |i 4481283  |o 370.15 BAR 2001  |p 4481283  |r 2019-11-22  |w 2019-11-22  |y BK  |k PAR